Cargando...
The sorrows of young Werther and selected writings /
| Autor Principal: | |
|---|---|
| Outros autores: | |
| Formato: | Printed Book |
| Idioma: | English German |
| Publicado: |
New York :
Signet Classics,
1962.
|
| Subjects: |
| LEADER | 01249nam a2200265 4500 | ||
|---|---|---|---|
| 008 | 211116b |||||||| |||| 00| 0 eng d | ||
| 041 | 1 | |a eng |h ger | |
| 100 | 1 | |a Goethe, Johann Wolfgang von, |d 1749-1832. | |
| 240 | 1 | 0 | |a Werther. |l English. |
| 245 | 1 | 4 | |a The sorrows of young Werther and selected writings / |c by Johann Wolfgang von Goethe ; translated by Catherine Hutter. |
| 260 | |a New York : |b Signet Classics, |c 1962. | ||
| 300 | |a xvi, 255 p. ; |c 18 cm. | ||
| 500 | |a Originally published: New York : Signet Classics, 1962. | ||
| 504 | |a Includes bibliographical references (p. 250-256). | ||
| 546 | |a Translated from the German. | ||
| 600 | 1 | 0 | |a Goethe, Johann Wolfgang von, |d 1749-1832 |v Translations into English. |
| 650 | 7 | |2 fast |9 1069827 |a Man-woman relationships | |
| 650 | 7 | |2 fast |9 1005665 |a German fiction | |
| 700 | 1 | |a Hutter, Catherine. | |
| 700 | 1 | 2 | |a Goethe, Johann Wolfgang von, |d 1749-1832. |
| 906 | |a 7 |b cbc |c orignew |d 1 |e ocip |f 20 |g y-gencatlg | ||
| 942 | |c BK | ||
| 955 | |a pc17 2004-11-30 to HLCD |i ld12 2004-12-01 |a aa05 2004-12-03 |a ps09 2006-01-11 1 copy rec'd., to CIP ver. | ||
| 999 | |c 363493 |d 363493 | ||
| 952 | |0 0 |1 0 |2 ddc |4 0 |7 3 |9 423371 |a UL |b UL |c PROC |d 2021-11-16 |e Donation -I.G.Bhaskara Panikker Family |l 0 |p G15670 |r 2021-11-16 |w 2021-11-16 |y BK | ||